<?xml version="1.0" encoding="UTF-8"?>
<record
    xmlns:xsi="http://www.w3.org/2001/XMLSchema-instance"
    xsi:schemaLocation="http://www.loc.gov/MARC21/slim http://www.loc.gov/standards/marcxml/schema/MARC21slim.xsd"
    xmlns="http://www.loc.gov/MARC21/slim">

  <leader>01346nam a2200229Ia 4500</leader>
  <datafield tag="952" ind1=" " ind2=" ">
    <subfield code="0">0</subfield>
    <subfield code="1">0</subfield>
    <subfield code="4">0</subfield>
    <subfield code="7">0</subfield>
    <subfield code="a">01</subfield>
    <subfield code="b">01</subfield>
    <subfield code="d">2007-01-25</subfield>
    <subfield code="l">1</subfield>
    <subfield code="o">515.15 Z69C</subfield>
    <subfield code="p">01 007535</subfield>
    <subfield code="r">2024-12-03</subfield>
    <subfield code="s">2014-01-27</subfield>
    <subfield code="w">2012-06-24</subfield>
    <subfield code="y">LB</subfield>
  </datafield>
  <datafield tag="952" ind1=" " ind2=" ">
    <subfield code="0">0</subfield>
    <subfield code="1">0</subfield>
    <subfield code="4">0</subfield>
    <subfield code="7">0</subfield>
    <subfield code="a">01</subfield>
    <subfield code="b">01</subfield>
    <subfield code="d">2007-01-25</subfield>
    <subfield code="l">1</subfield>
    <subfield code="o">515.15 Z69C</subfield>
    <subfield code="p">01 007536</subfield>
    <subfield code="r">2025-03-20</subfield>
    <subfield code="s">2025-03-20</subfield>
    <subfield code="t">2</subfield>
    <subfield code="w">2012-06-24</subfield>
    <subfield code="y">LB</subfield>
  </datafield>
  <datafield tag="952" ind1=" " ind2=" ">
    <subfield code="0">0</subfield>
    <subfield code="1">0</subfield>
    <subfield code="4">0</subfield>
    <subfield code="7">0</subfield>
    <subfield code="a">01</subfield>
    <subfield code="b">01</subfield>
    <subfield code="d">2007-01-25</subfield>
    <subfield code="l">3</subfield>
    <subfield code="o">515.15 Z69C</subfield>
    <subfield code="p">01 007537</subfield>
    <subfield code="r">2025-03-18</subfield>
    <subfield code="s">2023-08-28</subfield>
    <subfield code="t">3</subfield>
    <subfield code="w">2012-06-24</subfield>
    <subfield code="y">LB</subfield>
  </datafield>
  <datafield tag="952" ind1=" " ind2=" ">
    <subfield code="0">0</subfield>
    <subfield code="1">0</subfield>
    <subfield code="4">0</subfield>
    <subfield code="7">0</subfield>
    <subfield code="a">15</subfield>
    <subfield code="b">15</subfield>
    <subfield code="d">2007-03-24</subfield>
    <subfield code="l">1</subfield>
    <subfield code="o">515.15 Z69C</subfield>
    <subfield code="p">15 001958</subfield>
    <subfield code="r">2023-10-24</subfield>
    <subfield code="s">2023-10-24</subfield>
    <subfield code="t">1</subfield>
    <subfield code="w">2012-06-28</subfield>
    <subfield code="y">LB</subfield>
  </datafield>
  <datafield tag="952" ind1=" " ind2=" ">
    <subfield code="0">0</subfield>
    <subfield code="1">0</subfield>
    <subfield code="4">0</subfield>
    <subfield code="7">0</subfield>
    <subfield code="a">15</subfield>
    <subfield code="b">15</subfield>
    <subfield code="d">2007-03-24</subfield>
    <subfield code="l">0</subfield>
    <subfield code="o">515.15 Z69C</subfield>
    <subfield code="p">15 001959</subfield>
    <subfield code="r">2017-12-07</subfield>
    <subfield code="t">2</subfield>
    <subfield code="w">2012-06-28</subfield>
    <subfield code="y">LB</subfield>
  </datafield>
  <datafield tag="952" ind1=" " ind2=" ">
    <subfield code="0">0</subfield>
    <subfield code="1">0</subfield>
    <subfield code="4">0</subfield>
    <subfield code="7">0</subfield>
    <subfield code="a">03</subfield>
    <subfield code="b">03</subfield>
    <subfield code="d">2001-05-15</subfield>
    <subfield code="l">0</subfield>
    <subfield code="o">QA303 Z5318 1987</subfield>
    <subfield code="p">03 004617</subfield>
    <subfield code="r">2012-07-20</subfield>
    <subfield code="t">1</subfield>
    <subfield code="w">2012-07-20</subfield>
    <subfield code="y">LB</subfield>
  </datafield>
  <datafield tag="999" ind1=" " ind2=" ">
    <subfield code="c">54481</subfield>
    <subfield code="d">54481</subfield>
  </datafield>
  <controlfield tag="008">120622s1987    mx            000 0 spa d</controlfield>
  <datafield tag="020" ind1=" " ind2=" ">
    <subfield code="a">9687270373</subfield>
  </datafield>
  <datafield tag="050" ind1=" " ind2=" ">
    <subfield code="a">QA303</subfield>
    <subfield code="b">Z5518</subfield>
  </datafield>
  <datafield tag="082" ind1=" " ind2=" ">
    <subfield code="a">515.15 </subfield>
    <subfield code="b">Z69c</subfield>
  </datafield>
  <datafield tag="100" ind1=" " ind2=" ">
    <subfield code="a">Zill Dennis G. </subfield>
    <subfield code="d">, 1940</subfield>
    <subfield code="e">autor </subfield>
  </datafield>
  <datafield tag="240" ind1=" " ind2=" ">
    <subfield code="a">Calculus with Analytic Geometry</subfield>
    <subfield code="l">espa&#xF1;ol</subfield>
  </datafield>
  <datafield tag="245" ind1=" " ind2=" ">
    <subfield code="a">C&#xE1;lculo con geometr&#xED;a anal&#xED;tica</subfield>
    <subfield code="c"> / Dennis G. Zill ; traducci&#xF3;n Eduardo Ojeda Pe&#xF1;a</subfield>
  </datafield>
  <datafield tag="260" ind1=" " ind2=" ">
    <subfield code="a">M&#xE9;xico </subfield>
    <subfield code="b"> : Grupo Editorial Iberoam&#xE9;rica</subfield>
    <subfield code="c">, 1987</subfield>
  </datafield>
  <datafield tag="300" ind1=" " ind2=" ">
    <subfield code="a">xiii, 1014 p&#xE1;ginas</subfield>
  </datafield>
  <datafield tag="500" ind1=" " ind2=" ">
    <subfield code="a">Incluye: Ap&#xE9;ndices (pp.947-963)
Incluye: &#xED;ndice (pp. 1005-1012)</subfield>
  </datafield>
  <datafield tag="505" ind1=" " ind2=" ">
    <subfield code="a">Funciones
Limites de funciones
La derivada
Aplicaciones de la derivada
La integral
Aplicaciones de la integral
Funciones trigonom&#xE9;tricas inversas
Funciones logar&#xED;tmicas y exponencial
T&#xE9;cnicas de integraci&#xF3;n
Formas indeterminadas e integrales impropias
Sucesiones y series
Geometr&#xED;a anal&#xED;tica en el plano
Ecuaciones param&#xE9;tricas y coordenadas polares
Vectores y el espacio tridimensional
Funciones vectoriales
C&#xE1;lculo diferencial de funciones de varias variables
Integrales m&#xFA;ltiples
C&#xE1;lculo integral vectorial
Ecuaciones diferenciales

 
 
</subfield>
  </datafield>
  <datafield tag="519" ind1=" " ind2=" ">
    <subfield code="a">Material Complementario /</subfield>
    <subfield code="d">(03 004617)</subfield>
  </datafield>
  <datafield tag="650" ind1=" " ind2="0">
    <subfield code="a">C&#xC1;LCULO</subfield>
  </datafield>
  <datafield tag="650" ind1=" " ind2="0">
    <subfield code="a">GEOMETR&#xCD;A ANAL&#xCD;TICA</subfield>
  </datafield>
  <datafield tag="700" ind1=" " ind2=" ">
    <subfield code="a">Ojeda Pe&#xF1;a, Eduardo</subfield>
    <subfield code="e">traductor</subfield>
  </datafield>
  <datafield tag="942" ind1=" " ind2=" ">
    <subfield code="2">lcc</subfield>
    <subfield code="c">LB</subfield>
  </datafield>
</record>
